000 00667cam a2200205 4500500
005 20260405004104.0
041 _afre
042 _adc
100 1 0 _aLarmagnac-Matheron, Octave
_eauthor
245 0 0 _aVerlyn Flieger : Tolkien et la magie des mots
260 _c2022.
500 _a87
690 _aImagination
690 _aMagie
690 _aMots
690 _aSeigneur des Anneaux
690 _aTolkien
786 0 _nPhilosophie magazine - Hors séries | Hors série - Été-Autome 2022 | HS54 | 2022-07-01 | p. 19-20 | 2104-9246
856 4 1 _uhttps://shs.cairn.info/magazine-philosophie-magazine-2022-hs54-page-19?lang=fr&redirect-ssocas=7080
999 _c2073611
_d2073611